000 00748nam a2200289Ia 4500
003 OSt
005 20220912150626.0
006 a|||||r|||| 00| 0
007 ta
008 220909b |||||||| |||| 00| 0 eng d
024 _a42822
037 _cTextual
040 _aCSL
_beng
_cCSL
041 _aeng
082 _aE9G, M1
100 _aWood William B
245 0 _aBiochemistry
250 _a2
260 _aCalifornia
_bBenjamin
_c1981
300 _axiii,498p.
_ccm.
490 _aBenjamin/cummings series in the life science
500 _aIncludes bibliography
650 _aBiochemistry
700 _a Wilson John H
942 _hE9G, M1
_cTEXL
_2CC
999 _c51303
_d51303